00367nam a2200133Ia 4500008004100000020001800041041001200059100001400071245007600085260003800161300000800199650001200207700001400219221030s9999 xx 000 0 und d a9789350099858 aEnglish aN. Radjou 0aFrugal Innovation : How to do better with Lesscby N. Radjou, J. Prabhu bHachette Book Pub.aGurgaonc2015 a252 aGeneral aJ. Prabhu